000 01483cad a22002655a 4500
001 L160086
008 120529s2010 xxk g 000 0 eng d
035 _a(Sirsi) u160086
041 0 _aeng
110 _aFederation International Des Geometres
111 2 _aFIG Working Week 2010
_bSydney, Australia
_c11-16 April 2010
245 0 0 _aManaging data licensing need not be a problem!
_h[electronic resource]
260 _aSydney
_bFIG
_c2010
520 _aExplains that managing Data Licensing need not be a problem and, if done correctly, may even lead to some unforeseen and surprising benefits ? such as a Spatial Data Infrastructure. The presentation summarises how consulting and business services group Mouchel met the problem head on, showing how good and efficient management of licences within an SDI has the potential to make GIS as high profile, useful and relied upon in the boardroom as project performance and finances.
650 2 4 _aCADASTRE
650 2 4 _aGIS
650 2 4 _aSPATIAL PLANNING
651 4 _aUnited Kingdom
690 _aBusiness and management
700 1 _aJames, Sarah
700 1 _aRichardson, John
856 4 0 _uhttps://www.rics.org/Global/Downloads/Managing_Data_Licensing_Need_Not_Be_a_Problem.pdf
_zView the paper free of charge at www.rics.org
856 4 0 _uhttps://fig.net/resources/proceedings/fig_proceedings/fig2010/ppt/ts04b/ts04b_james_richardson_ppt_4746.pdf
_zView the presentation free of charge at www.fig.net
942 _n0
999 _c116203
_d116203